000 00666cam a2200253 4500
008 090401t1992 xxu||||| |||| 00| 0 eng d
020 _a0113214901
035 _a(Sirsi) u65864
041 _aeng
050 _a725.51
110 _aNHS Estates
_92893
245 _aEstate maintenance and works operations.
260 _aLondon
_bHMSO
_c1992
300 _a60p. ; 30cm.
350 _a25
490 _aHealth Building Note
_v34
650 _aACCOMMODATION REQUIREMENTS
650 _aBUILT ENVIRONMENT-CONSTRUCTION DESIGN
650 _aHOSPITALS
650 _aMAINTENANCE DEPARTMENTS
690 _aBUILT ENVIRONMENT
942 _n0
948 _c04/03/1997
999 _c94794
_d94794